000 00279nam a2200109Ia 4500
008 190914s9999||||xx |||||||||||||| ||und||
100 _aSitagita,Rupa
245 0 _aSitagita Speaks on Corporate Etiquette
260 _aNew Delhi
_bPrentice Hall
_c2002
300 _a1208
942 _cBK
999 _c8827
_d8827